Statistiques concernant Pays avec un ou plusieurs P

Cliquez ici pour prendre le quiz!

Statistiques générales

  • Ce quiz a été pris 393 fois
  • Le résultat moyen est 17 sur 25

Statistiques - réponses

Nombre de P Pays % Correct
PPortugal
94%
PPologne
86%
PPPapouasie-Nouvelle-Guinée
84%
PPakistan
83%
PPanama
82%
PPérou
81%
PPPPhilippines
80%
PPalaos
79%
PParaguay
76%
PRépublique tchèque
71%
PRépublique démocratique du Congo
71%
PRépublique du Congo
71%
PRépublique dominicaine
67%
PPays-Bas
66%
PJapon
64%
PEspagne
63%
PRépublique centrafricaine
61%
PEgypte
57%
PCap-Vert
55%
PPSao Tomé-et-Principe
51%
PNépal
49%
PSaint-Christophe-et-Niévès
43%
PSingapour
43%
PEthiopie
39%
PChypre
36%

Distribution des résultats

Percentile by Number Answered

% des personnes avec chaque résultat

Votre développement - résultats

Vous n’avez pas pris ce quiz